[Event "Rated Blitz game"]
[Site "?"]
[Date "2021.11.30"]
[Round "?"]
[White "p3navarro85"]
[Black "jeruchess"]
[Result "1/2-1/2"]
[WhiteElo "2434"]
[BlackElo "2390"]
[PlyCount "91"]
[EventDate "2021.??.??"]
[EventType "blitz"]

1. e4 e5 2. Nf3 d5 3. Nxe5 Bd6 4. d4 dxe4 5. Nc4 Be7 6. Ne3 Nf6 7. c4 O-O 8.
Nc3 c5 9. d5 Na6 10. a3 Nc7 11. Be2 Nce8 12. Rb1 Nd6 13. b4 b6 14. O-O Re8 15.
Bb2 h6 16. Ng4 Nxg4 17. Bxg4 f5 18. Bh5 Rf8 19. Na4 Bf6 20. bxc5 bxc5 21. Nxc5
Bxb2 22. Rxb2 f4 23. Ne6 Bxe6 24. dxe6 Qe7 25. Qd5 Rad8 26. c5 Nf5 27. Bf7+ Kh8
28. Qxf5 Qxc5 29. Qxe4 Qe7 30. Rb7 Qf6 31. e7 Rde8 32. exf8=Q+ Rxf8 33. Qg6
Qxg6 34. Bxg6 Kg8 35. Rc1 Rd8 36. h3 f3 37. gxf3 Kh8 38. Rcc7 Rg8 39. Rxa7 h5
40. a4 h4 41. a5 Rd8 42. Rxg7 Rd1+ 43. Kg2 Rg1+ 44. Kh2 Rg2+ 45. Kh1 Rg1+ 46.
Kxg1 {Normal} 1/2-1/2

[Event "Rated Blitz game"]
[Site "?"]
[Date "2021.11.29"]
[Round "?"]
[White "CasanovaAT"]
[Black "akramelgohary"]
[Result "0-1"]
[WhiteElo "2442"]
[BlackElo "2409"]
[PlyCount "46"]
[EventDate "2021.??.??"]
[EventType "blitz"]

1. e4 e5 2. Nf3 d5 3. exd5 e4 4. Qe2 Nf6 5. d3 Qxd5 6. dxe4 Qxe4 7. Qxe4+ Nxe4
8. Bd3 Nc5 9. Bc4 Nc6 10. O-O Bf5 11. Nc3 Ne6 12. Bg5 h6 13. Bh4 g5 14. Bg3
O-O-O 15. Rad1 Bg7 16. Nb5 Bxb2 17. Bxe6+ Bxe6 18. Nxc7 Bc4 19. Rfe1 Bc3 20.
Rxd8+ Rxd8 21. Re8 f5 22. Bd6 Rxe8 23. Nxe8 Kd7 {Normal} 0-1

[Event "Rated Blitz game"]
[Site "?"]
[Date "2021.11.29"]
[Round "?"]
[White "Genialny_zolw"]
[Black "Rock_Maninoff"]
[Result "1-0"]
[WhiteElo "2410"]
[BlackElo "2346"]
[PlyCount "87"]
[EventDate "2021.??.??"]
[EventType "blitz"]

1. e4 e5 2. Nf3 d5 3. exd5 e4 4. Qe2 Nf6 5. d3 Bb4+ 6. Nbd2 O-O 7. c3 exd3 8.
Qxd3 Bc5 9. Nb3 Bb6 10. Bg5 Re8+ 11. Be2 Qxd5 12. Nbd4 Ne4 13. Be3 c5 14. Nb5
Qxd3 15. Bxd3 Nc6 16. O-O a6 17. Na3 Ba7 18. Rad1 b5 19. h3 c4 20. Bb1 Bxe3 21.
fxe3 Ng3 22. Rfe1 Bf5 23. Nd4 Nxd4 24. exd4 Bxb1 25. Nxb1 f5 26. Nd2 f4 27. Nf3
Kf7 28. Ne5+ Kf6 29. Kf2 g5 30. Kf3 Kf5 31. Nc6 h5 32. Ne7+ Kf6 33. Nd5+ Kf5
34. Nc7 g4+ 35. hxg4+ hxg4+ 36. Kf2 Ne4+ 37. Rxe4 Rxe4 38. Nxa8 g3+ 39. Kf1 Kg4
40. Nc7 f3 41. gxf3+ Kxf3 42. Kg1 g2 43. Nd5 Rh4 44. Rf1+ {Time forfeit} 1-0

[Event "Rated Blitz game"]
[Site "?"]
[Date "2021.11.29"]
[Round "?"]
[White "biagiobiagin92"]
[Black "Maltinho"]
[Result "0-1"]
[WhiteElo "2496"]
[BlackElo "2641"]
[PlyCount "60"]
[EventDate "2021.??.??"]
[EventType "blitz"]

1. e4 e5 2. Nf3 d5 3. Nxe5 Bd6 4. d4 dxe4 5. Nc4 Nf6 6. Nxd6+ Qxd6 7. Be3 O-O
8. h3 Nd5 9. Qd2 f5 10. g3 f4 11. gxf4 Nxf4 12. Nc3 Nd5 13. Nxd5 Qxd5 14. b3
Kh8 15. O-O-O Nc6 16. c3 Bf5 17. Kb2 a5 18. Rg1 a4 19. c4 Qf7 20. Qc3 axb3 21.
axb3 Qe7 22. Bg2 Nb4 23. Ra1 Nd3+ 24. Kc2 Nxf2 25. d5 Nd3 26. Bd4 Bg6 27. h4 e3
28. h5 Rf2+ 29. Kd1 Rxa1+ 30. Qxa1 Rd2# {Normal} 0-1

[Event "Rated Blitz game"]
[Site "?"]
[Date "2021.11.29"]
[Round "?"]
[White "Volodiya"]
[Black "Annali-annaliew1979"]
[Result "0-1"]
[WhiteElo "2354"]
[BlackElo "2433"]
[PlyCount "90"]
[EventDate "2021.??.??"]
[EventType "blitz"]

1. e4 e5 2. Nf3 d5 3. d4 dxe4 4. Nxe5 Bd6 5. Nc4 Nf6 6. Nxd6+ cxd6 7. d5 O-O 8.
Nc3 h6 9. Be2 a6 10. a4 Bf5 11. Bf4 Qe7 12. O-O Nbd7 13. Qd4 Rfc8 14. Qb4 Nc5
15. a5 Bg6 16. Na4 Nxa4 17. Rxa4 Nxd5 18. Qxd6 Qxd6 19. Bxd6 Rxc2 20. Bc4 Nf6
21. Be5 Ng4 22. Bd4 Rd8 23. Bb3 Rc6 24. h3 Nf6 25. Bc3 Re8 26. Re1 Rd6 27. Rb4
Rd7 28. Rb6 Nd5 29. Bxd5 Rxd5 30. Rxb7 Re6 31. Ra1 e3 32. fxe3 Rxe3 33. Rb6 Re6
34. Rxe6 fxe6 35. Re1 Bf7 36. Re5 Rd1+ 37. Kf2 Rd7 38. Rc5 Bg6 39. Rc6 Bd3 40.
Rxe6 Kf7 41. Re3 Bb5 42. Rg3 g6 43. h4 h5 44. Rg5 Re7 45. Re5 Rc7 {Time forfeit
} 0-1

[Event "Rated Blitz game"]
[Site "?"]
[Date "2021.11.29"]
[Round "?"]
[White "q-zma"]
[Black "GrandeGila"]
[Result "1-0"]
[WhiteElo "2429"]
[BlackElo "2515"]
[PlyCount "101"]
[EventDate "2021.??.??"]
[EventType "blitz"]

1. e4 e5 2. Nf3 d5 3. Nxe5 Bd6 4. d4 dxe4 5. Nc4 Nc6 6. Nxd6+ Qxd6 7. Be3 Nf6
8. c4 Bg4 9. Be2 Bxe2 10. Qxe2 Nxd4 11. Bxd4 Qxd4 12. O-O O-O-O 13. Nc3 Rhe8
14. Rad1 Qc5 15. Rxd8+ Kxd8 16. Rd1+ Kc8 17. Nd5 Nxd5 18. Rxd5 Qe7 19. Qg4+ Kb8
20. Rd7 Qf6 21. Qg3 Qb6 22. h3 a6 23. Kh2 f5 24. Qxg7 Kc8 25. Rd5 Qg6 26. Qd7+
Kb8 27. Qxf5 Qb6 28. Qf7 Rc8 29. Qg7 Qxf2 30. b4 e3 31. Qg3 Rf8 32. Re5 Qxg3+
33. Kxg3 Rf2 34. Rxe3 Rxa2 35. b5 axb5 36. cxb5 Rb2 37. Re5 Kc8 38. h4 Rb4 39.
h5 Kd7 40. h6 Kd6 41. Rg5 Ke6 42. Rg7 Kf6 43. Rxc7 Rxb5 44. Rxh7 Kg6 45. Rh8
Rg5+ 46. Kf3 Rf5+ 47. Ke3 Rh5 48. Rb8 b5 49. g4 Rxh6 50. Rxb5 Kf6 51. g5+ {
Normal} 1-0

[Event "Rated Blitz tournament VfVOX2cw"]
[Site "?"]
[Date "2021.11.29"]
[Round "?"]
[White "Mixer_BKD"]
[Black "Brawijaya1_BBC"]
[Result "1-0"]
[WhiteElo "2565"]
[BlackElo "2350"]
[PlyCount "111"]
[EventDate "2021.??.??"]
[EventType "blitz"]

1. e4 e5 2. Nf3 d5 3. Qe2 dxe4 4. Qxe4 Nf6 5. Qxe5+ Be7 6. Bc4 Nc6 7. Qe2 O-O
8. O-O Bg4 9. c3 Re8 10. d4 Bd6 11. Be3 Bf4 12. h3 Bh5 13. Nbd2 Nd5 14. Bxd5
Qxd5 15. Qc4 Qd6 16. Bxf4 Qxf4 17. Rfe1 h6 18. d5 Qxc4 19. Nxc4 Bxf3 20. gxf3
Ne7 21. d6 Nd5 22. Rxe8+ Rxe8 23. dxc7 Nxc7 24. Rd1 Re2 25. Kf1 Re6 26. Rd7 Rc6
27. Ne5 Rc5 28. Nxf7 Ne6 29. Rxb7 Nf4 30. Nd6 Rd5 31. Kg1 Rxd6 32. Rxa7 Rd1+
33. Kh2 Rd2 34. Kg3 Ne2+ 35. Kg4 Rc2 36. b4 Rxc3 37. a4 Rc4+ 38. Kf5 Rxb4 39.
a5 Rb5+ 40. Ke6 Nf4+ 41. Kd6 Kh7 42. a6 Rd5+ 43. Kc6 Ra5 44. Kb6 Ra1 45. Rd7
Rb1+ 46. Kc6 Rc1+ 47. Kb7 Ra1 48. a7 Ne6 49. Kb8 Rb1+ 50. Rb7 Rd1 51. a8=Q Rd8+
52. Ka7 Rxa8+ 53. Kxa8 Ng5 54. Rb4 Nxf3 55. Rf4 Ne5 56. Kb7 {Time forfeit} 1-0

[Event "Rated Blitz game"]
[Site "?"]
[Date "2021.11.29"]
[Round "?"]
[White "Maestro99az"]
[Black "Taabling"]
[Result "1-0"]
[WhiteElo "2589"]
[BlackElo "2460"]
[PlyCount "91"]
[EventDate "2021.??.??"]
[EventType "blitz"]

1. e4 e5 2. Nf3 d5 3. exd5 Bd6 4. d4 e4 5. Ne5 Nf6 6. c4 c5 7. dxc6 Nxc6 8.
Nxc6 bxc6 9. Nc3 Rb8 10. Be2 O-O 11. O-O Re8 12. Rb1 a5 13. b3 Qc7 14. h3 h6
15. Be3 Bf5 16. d5 c5 17. Nb5 Rxb5 18. cxb5 Qd7 19. g4 Bg6 20. Rc1 Qe7 21. Kg2
Qe5 22. Rh1 Nxd5 23. Qd2 Nxe3+ 24. Qxe3 Qf6 25. Rc4 h5 26. g5 Qe5 27. h4 Qd5
28. Rd1 Qe6 29. Rxd6 Qxd6 30. Qxc5 Qf4 31. Qe3 Qxh4 32. Qg3 Qxg3+ 33. Kxg3 e3
34. f4 Be4 35. Rc3 Bb7 36. Rc7 Be4 37. Bxh5 g6 38. Be2 Bd5 39. b6 Rb8 40. Rc5
Be6 41. Rc6 Bd5 42. Rd6 Be4 43. Bf3 Bf5 44. b7 Kg7 45. Ra6 e2 46. Kf2 {Normal}
1-0

[Event "Rated Blitz game"]
[Site "?"]
[Date "2021.11.29"]
[Round "?"]
[White "Itibster"]
[Black "Rock_Maninoff"]
[Result "1-0"]
[WhiteElo "2421"]
[BlackElo "2341"]
[PlyCount "63"]
[EventDate "2021.??.??"]
[EventType "blitz"]

1. e4 e5 2. Nf3 d5 3. d4 dxe4 4. Nxe5 Bd6 5. Nc4 Be7 6. Nc3 Nf6 7. Bg5 O-O 8.
Qd2 Nc6 9. O-O-O h6 10. Bh4 Bb4 11. Ne3 g5 12. Bg3 Ne7 13. a3 Bxc3 14. Qxc3
Nfd5 15. Nxd5 Nxd5 16. Qb3 Be6 17. c4 Nf4 18. Qxb7 Rb8 19. Qxe4 Qd6 20. Bd3 f5
21. Qf3 a5 22. Bxf4 Qxd4 23. Rd2 gxf4 24. Bxf5 Qxc4+ 25. Bc2 Rxb2 26. Kxb2 Qa2+
27. Kc1 Qa1+ 28. Bb1 Bf5 29. Qb3+ Rf7 30. Rd8+ Kh7 31. Qb2 Qxb2+ 32. Kxb2 {
Normal} 1-0

[Event "Rated Blitz game"]
[Site "?"]
[Date "2021.11.29"]
[Round "?"]
[White "limosity"]
[Black "PerunBarglowski"]
[Result "0-1"]
[WhiteElo "2415"]
[BlackElo "2590"]
[PlyCount "21"]
[EventDate "2021.??.??"]
[EventType "blitz"]

1. e4 e5 2. Nf3 d5 3. exd5 e4 4. Qe2 Nf6 5. d3 Qxd5 6. Nc3 Bb4 7. Bd2 Bxc3 8.
Bxc3 O-O 9. d4 exf3 10. Qxf3 Re8+ 11. Be2 {Normal} 0-1

[Event "Rated Blitz game"]
[Site "?"]
[Date "2021.11.29"]
[Round "?"]
[White "Tim1991"]
[Black "Bozzy005"]
[Result "1-0"]
[WhiteElo "2450"]
[BlackElo "2430"]
[PlyCount "59"]
[EventDate "2021.??.??"]
[EventType "blitz"]

1. e4 e5 2. Nf3 d5 3. exd5 Qxd5 4. Nc3 Qe6 5. Qe2 Bd6 6. d4 exd4 7. Qxe6+ Bxe6
8. Nxd4 Bd7 9. Ndb5 Bxb5 10. Nxb5 Bb4+ 11. c3 Ba5 12. b4 Bb6 13. Be3 Kd7 14.
O-O-O+ Kc8 15. Be2 Nf6 16. a4 Bxe3+ 17. fxe3 a6 18. Nd4 Re8 19. Nf5 g6 20. Nd4
Ne4 21. Rhf1 Nxc3 22. Rxf7 Nxd1 23. Bg4+ Nd7 24. Bxd7+ Kd8 25. Bxe8 Kxe8 26.
Rxh7 Rd8 27. Rh8+ Ke7 28. Rxd8 Kxd8 29. Kxd1 Ke7 30. h4 {Normal} 1-0

[Event "Rated Blitz tournament esYWKV8r"]
[Site "?"]
[Date "2021.11.29"]
[Round "?"]
[White "Brave_spirit12"]
[Black "HEISENBERG_1956"]
[Result "1/2-1/2"]
[WhiteElo "2389"]
[BlackElo "2542"]
[PlyCount "122"]
[EventDate "2021.??.??"]
[EventType "blitz"]

1. e4 e5 2. Nf3 d5 3. Nxe5 Bd6 4. d4 dxe4 5. Nc4 Nf6 6. Ne3 O-O 7. c4 Re8 8.
Nc3 c6 9. Be2 Bc7 10. Qb3 Nbd7 11. Bd2 Nb6 12. O-O-O a5 13. d5 a4 14. Qc2 cxd5
15. cxd5 Be5 16. Nc4 Nxc4 17. Bxc4 Bd7 18. Bg5 Rc8 19. Be2 Qc7 20. Bxf6 Bxf6
21. d6 Qc6 22. Bb5 Qxb5 23. Nxb5 Rxc2+ 24. Kxc2 Bxb5 25. Rd5 Bc6 26. Ra5 Rd8
27. Rd1 Kf8 28. b3 Ke8 29. bxa4 Kd7 30. Rc5 Ke6 31. Kb3 Be5 32. f3 f5 33. fxe4
fxe4 34. a5 Bxd6 35. Rh5 Rf8 36. Rxh7 Rf2 37. Rxg7 Be5 38. Rg6+ Bf6 39. Rg3 Bb5
40. Kb4 Ba6 41. Kc5 Rxa2 42. Kb6 Rb2+ 43. Ka7 Rb5 44. Re3 Re5 45. Rde1 Bd3 46.
Kxb7 Rxa5 47. Rxd3 Rb5+ 48. Kc6 Rb2 49. Rxe4+ Kf5 50. Rf3+ Kxe4 51. Rxf6 Rxg2
52. Rh6 Kf5 53. Kd6 Kg5 54. Rh8 Kf6 55. Rf8+ Kg7 56. Rf3 Rxh2 57. Rf5 Kh6 58.
Re5 Rg2 59. Rd5 Rg6+ 60. Ke7 Rg5 61. Rd6+ Rg6 {Normal} 1/2-1/2

[Event "Rated Blitz game"]
[Site "?"]
[Date "2021.11.29"]
[Round "?"]
[White "blunder64"]
[Black "StoqnOrlinovStoqnov"]
[Result "0-1"]
[WhiteElo "2575"]
[BlackElo "2602"]
[PlyCount "114"]
[EventDate "2021.??.??"]
[EventType "blitz"]

1. e4 e5 2. Nf3 d5 3. Nxe5 Bd6 4. d4 dxe4 5. Bf4 Nc6 6. Nc3 Nf6 7. Bc4 O-O 8.
O-O Bf5 9. Re1 Bxe5 10. Bxe5 Nxe5 11. dxe5 Ng4 12. e6 Qh4 13. exf7+ Kh8 14. h3
Qxf2+ 15. Kh1 Ne3 16. Rxe3 Qxe3 17. Nd5 Qc5 18. Bb3 Be6 19. Nxc7 Bxb3 20. Nxa8
Bxf7 21. Qd7 Qc8 22. Rd1 Qxa8 23. Rf1 Kg8 24. Qd4 Qe8 25. Qxa7 Bc4 26. Re1 Rf1+
27. Rxf1 Bxf1 28. Qe3 Bc4 29. b3 Bd5 30. Kg1 Bc6 31. a4 Qf7 32. a5 Qd5 33. b4
Qd1+ 34. Kh2 Qxc2 35. Qf4 Qd3 36. Qb8+ Kf7 37. Qf4+ Ke6 38. Qg4+ Kd5 39. Qf5+
Kc4 40. Qf7+ Kxb4 41. Qe7+ Kxa5 42. Qc7+ Ka6 43. Qxg7 Qd6+ 44. Kg1 e3 45. Qa1+
Kb6 46. Qb1+ Bb5 47. Qxh7 Qd1+ 48. Kh2 e2 49. Qh6+ Kc5 50. Qe3+ Qd4 51. Qf3
Qd6+ 52. Qg3 Qd5 53. Qf2+ Qd4 54. Qe1 Qd3 55. h4 Kc4 56. Kg1 Qd1 57. Kh2 Qxe1 {
Time forfeit} 0-1

[Event "Rated Blitz game"]
[Site "?"]
[Date "2021.11.29"]
[Round "?"]
[White "apap2600"]
[Black "Nepsuliini"]
[Result "0-1"]
[WhiteElo "2478"]
[BlackElo "2413"]
[PlyCount "34"]
[EventDate "2021.??.??"]
[EventType "blitz"]

1. e4 e5 2. Nf3 d5 3. exd5 Bd6 4. d4 e4 5. Nfd2 Nf6 6. Nc3 Qe7 7. Bb5+ c6 8.
dxc6 Nxc6 9. d5 a6 10. Ba4 b5 11. Nxb5 axb5 12. Bxb5 O-O 13. Bxc6 Bg4 14. f3
exf3+ 15. Kf2 Bc5+ 16. Kg3 Qe5+ 17. Kh4 g5# {Normal} 0-1

[Event "Rated Blitz tournament esYWKV8r"]
[Site "?"]
[Date "2021.11.29"]
[Round "?"]
[White "Kolian222"]
[Black "Secret2700"]
[Result "0-1"]
[WhiteElo "2548"]
[BlackElo "2509"]
[PlyCount "58"]
[EventDate "2021.??.??"]
[EventType "blitz"]

1. e4 e5 2. Nf3 d5 3. exd5 e4 4. Qe2 Nf6 5. Nc3 Be7 6. Nxe4 O-O 7. d3 Nxd5 8.
Qd1 Re8 9. Be2 Nc6 10. O-O Bf5 11. Re1 Bg6 12. Ng3 Bd6 13. c3 h6 14. d4 Qf6 15.
Bc4 Nf4 16. Bxf4 Bxf4 17. Qb3 Na5 18. Qb5 Nxc4 19. Qxc4 c6 20. Qb3 b5 21. Nf1
Bh5 22. N3d2 Qg5 23. g3 Bxd2 24. Nxd2 Qxd2 25. Re5 Rxe5 26. dxe5 Bf3 27. c4 Qe2
28. cxb5 cxb5 29. Rd1 Qxd1+ {Normal} 0-1

[Event "Rated Blitz game"]
[Site "?"]
[Date "2021.11.29"]
[Round "?"]
[White "Ngc99"]
[Black "rofaidah"]
[Result "0-1"]
[WhiteElo "2556"]
[BlackElo "2473"]
[PlyCount "54"]
[EventDate "2021.??.??"]
[EventType "blitz"]

1. e4 e5 2. Nf3 d5 3. Nc3 dxe4 4. Nxe4 f5 5. Nc3 e4 6. Ng1 Be6 7. d3 Nf6 8. Bg5
Bb4 9. a3 Bxc3+ 10. bxc3 Nbd7 11. dxe4 fxe4 12. Rb1 O-O 13. Be2 h6 14. Bh4 c6
15. Rxb7 Qa5 16. Qd2 Nc5 17. Rb4 Rad8 18. Qe3 Qxa3 19. Rb1 Nd5 20. Qc1 Qxc3+
21. Kf1 Ne3+ 22. Qxe3 Qxe3 23. f3 Rd2 24. Bf2 Qc3 25. Be1 Qxc2 26. Ra1 Rxe2 27.
Nxe2 Bc4 {Normal} 0-1

[Event "Rated Blitz game"]
[Site "?"]
[Date "2021.11.29"]
[Round "?"]
[White "Rock_Maninoff"]
[Black "Annali-annaliew1979"]
[Result "0-1"]
[WhiteElo "2342"]
[BlackElo "2435"]
[PlyCount "78"]
[EventDate "2021.??.??"]
[EventType "blitz"]

1. e4 e5 2. Nf3 d5 3. Nxe5 Qe7 4. d4 f6 5. Nd3 Nc6 6. c3 Bf5 7. Be2 Bxe4 8. O-O
Qf7 9. Nd2 Bf5 10. Nf4 Bd6 11. Nf3 Nge7 12. Re1 O-O-O 13. b4 g5 14. Nd3 Be4 15.
Nc5 Qh5 16. Ne5 Qe8 17. Bg4+ f5 18. Bh5 Ng6 19. Nxc6 Qxc6 20. f3 Nh4 21. fxe4
dxe4 22. Bxg5 Nxg2 23. Bxd8 Nxe1 24. Qxe1 Rg8+ 25. Kf2 e3+ 26. Kxe3 Rxd8 27.
Qh1 f4+ 28. Kd2 Qb5 29. Be2 Qb6 30. Bg4+ Kb8 31. Nd7+ Rxd7 32. Bxd7 Bxb4 33.
cxb4 Qxd4+ 34. Ke2 Qe3+ 35. Kf1 Qd3+ 36. Kf2 Qxd7 37. Rd1 Qe7 38. Qd5 Qh4+ 39.
Kf1 a6 {Time forfeit} 0-1

[Event "Rated Blitz tournament esYWKV8r"]
[Site "?"]
[Date "2021.11.29"]
[Round "?"]
[White "Barys_KZ"]
[Black "DrMelekess"]
[Result "0-1"]
[WhiteElo "2349"]
[BlackElo "2621"]
[PlyCount "52"]
[EventDate "2021.??.??"]
[EventType "blitz"]

1. e4 e5 2. Nf3 d5 3. exd5 e4 4. Qe2 Nf6 5. Nc3 Bb4 6. Nxe4 O-O 7. a3 Nxe4 8.
axb4 Re8 9. Kd1 Nc3+ 10. bxc3 Rxe2 11. Bxe2 Qxd5 12. c4 Qd8 13. Bb2 Nc6 14. Bc3
Be6 15. Re1 a6 16. g3 a5 17. b5 Nb4 18. Nd4 Bd7 19. Bf3 c6 20. Bxb4 axb4 21.
Rxa8 Qxa8 22. bxc6 bxc6 23. Re7 Qa1+ 24. Ke2 Qxd4 25. d3 Kf8 26. Re4 Qc3 {
Normal} 0-1

[Event "Rated Blitz game"]
[Site "?"]
[Date "2021.11.29"]
[Round "?"]
[White "niwt_tnegrevid"]
[Black "Roberto_Baggio1978"]
[Result "1-0"]
[WhiteElo "2483"]
[BlackElo "2583"]
[PlyCount "55"]
[EventDate "2021.??.??"]
[EventType "blitz"]

1. e4 e5 2. Nf3 d5 3. Nxe5 Bd6 4. d4 dxe4 5. Bc4 Bxe5 6. Qh5 Qe7 7. Qxe5 Qxe5
8. dxe5 Nc6 9. Nc3 Nxe5 10. Bb3 Bf5 11. Bf4 Ng6 12. Bxc7 Nf6 13. O-O-O O-O 14.
h3 h5 15. Rhe1 Rfe8 16. Bg3 a6 17. a4 Rac8 18. Kb1 h4 19. Bh2 Nh5 20. Bd5 Nhf4
21. Bxb7 Rc4 22. Bxa6 Rb4 23. Bf1 Ne6 24. Re3 Nc5 25. b3 Rc8 26. Kb2 Bd7 27.
Bd6 Rb6 28. Bxc5 {Normal} 1-0

[Event "Rated Blitz game"]
[Site "?"]
[Date "2021.11.29"]
[Round "?"]
[White "polijn"]
[Black "luckyluke9999"]
[Result "0-1"]
[WhiteElo "2482"]
[BlackElo "2602"]
[PlyCount "92"]
[EventDate "2021.??.??"]
[EventType "blitz"]

1. e4 e5 2. Nf3 d5 3. exd5 e4 4. Qe2 Nf6 5. Nc3 Be7 6. Nxe4 O-O 7. d3 Qxd5 8.
Bg5 Nbd7 9. Nc3 Qd6 10. O-O-O Re8 11. Qd2 Nd5 12. Nxd5 Qxd5 13. Bxe7 Qxa2 14.
Qb4 a5 15. Qa3 Qxa3 16. Bxa3 b5 17. b3 c5 18. Re1 Rxe1+ 19. Nxe1 b4 20. Bb2 a4
21. bxa4 Rxa4 22. g3 Nb6 23. Bg2 Ra2 24. Bc6 Be6 25. Nf3 h6 26. Ne5 f6 27. Nc4
Nxc4 28. dxc4 Bxc4 29. Re1 Ra7 30. Re8+ Kf7 31. Re4 Be6 32. c3 b3 33. c4 Ra2
34. Bd5 Bxd5 35. cxd5 Ra6 36. Rc4 Ra5 37. Kd2 Ke7 38. Ke3 Kd6 39. Rc3 Rb5 40.
Ke4 Rb4+ 41. Kf5 Kxd5 42. f3 c4 43. f4 Ra4 44. g4 Ra2 45. Bc1 b2 46. Bxb2 Rxb2
{Normal} 0-1

[Event "Rated Blitz game"]
[Site "?"]
[Date "2021.11.29"]
[Round "?"]
[White "CT-Rex1234"]
[Black "Fantastic_power06"]
[Result "1/2-1/2"]
[WhiteElo "2667"]
[BlackElo "2837"]
[PlyCount "207"]
[EventDate "2021.??.??"]
[EventType "blitz"]

1. e4 e5 2. Nf3 d5 3. Nc3 dxe4 4. Nxe4 f5 5. Nxe5 Qd4 6. Qh5+ g6 7. Nxg6 Qxe4+
8. Be2 Nf6 9. Qh3 Rg8 10. d3 Qe6 11. Nxf8 Kxf8 12. Bh6+ Kf7 13. Be3 f4 14.
Qxe6+ Bxe6 15. Bxf4 Nc6 16. Bg3 Nd4 17. Kd2 Nxe2 18. Kxe2 Bd5 19. f3 Rae8+ 20.
Kd2 c6 21. c4 Be6 22. b3 Re7 23. Rae1 Rd8 24. Kc3 Red7 25. Rd1 c5 26. Bf2 Bf5
27. d4 cxd4+ 28. Rxd4 Rxd4 29. Bxd4 Re8 30. Kd2 a6 31. Re1 Rxe1 32. Kxe1 Bb1
33. Kd2 Ke6 34. a3 Nh5 35. g3 Nf6 36. b4 Bg6 37. Ke3 Nd7 38. Kd2 b5 39. Kc3 Kd6
40. Be3 Bf7 41. cxb5 axb5 42. Kd4 Kc6 43. Bf4 Nb6 44. Bc1 Nc4 45. h4 Bd5 46. f4
h5 47. f5 Bf7 48. f6 Kd6 49. Bf4+ Kc6 50. Bc1 Kd6 51. Bf4+ Ke6 52. a4 Kxf6 53.
axb5 Nb6 54. Kc5 Na4+ 55. Kc6 Bg6 56. b6 Be4+ 57. Kc7 Nc3 58. b7 Nd5+ 59. Kd8
Nxb4 60. b8=Q Nc6+ 61. Kc7 Nxb8 62. Kxb8 Kf5 63. Kc7 Kg4 64. Kd6 Bd3 65. Ke5
Be2 66. Kf6 Bf3 67. Kg6 Bg2 68. Kh6 Bh3 69. Kg6 Bg2 70. Kf6 Bh3 71. Bg5 Bf1 72.
Bf4 Bh3 73. Ke7 Bg2 74. Kd6 Bh3 75. Kc5 Bg2 76. Kd4 Bh3 77. Ke3 Bg2 78. Kf2 Bh3
79. Kg1 Kf5 80. Kf2 Bg4 81. Ke3 Kg6 82. Kf2 Bf5 83. Ke3 Bg4 84. Be5 Bf5 85. Kf4
Bg4 86. Bf6 Bf5 87. Bg5 Bg4 88. Ke5 Bf5 89. Kd6 Bg4 90. Ke5 Bf5 91. Kf4 Bg4 92.
Ke3 Bf5 93. g4 Bxg4 94. Kf2 Bf5 95. Kg3 Bg4 96. Kf4 Bf5 97. Kg3 Bg4 98. Kf4 Bf5
99. Ke5 Bg4 100. Kd6 Bf5 101. Ke7 Bg4 102. Kd6 Bf5 103. Ke5 Bg4 104. Kf4 {
Normal} 1/2-1/2

[Event "Rated Blitz game"]
[Site "?"]
[Date "2021.11.29"]
[Round "?"]
[White "Buffy7"]
[Black "StoqnOrlinovStoqnov"]
[Result "1-0"]
[WhiteElo "2694"]
[BlackElo "2606"]
[PlyCount "72"]
[EventDate "2021.??.??"]
[EventType "blitz"]

1. e4 e5 2. Nf3 d5 3. Nxe5 Bd6 4. d4 dxe4 5. Qh5 Qe7 6. Bg5 Nf6 7. Bxf6 Qxf6 8.
Nc3 g6 9. Nxe4 Qe6 10. Qe2 O-O 11. Nxd6 cxd6 12. Nc4 Qd5 13. O-O-O b5 14. Ne3
Qxa2 15. Qxb5 Be6 16. d5 Bd7 17. Qb7 Rc8 18. Bc4 Qa1+ 19. Kd2 Qa5+ 20. b4 Qb6
21. Qxb6 axb6 22. Ra1 Rxa1 23. Rxa1 f5 24. f4 g5 25. g3 gxf4 26. gxf4 Kf7 27.
Ra7 Kf6 28. Bd3 Rg8 29. Rb7 b5 30. Bxb5 Bxb5 31. Rxb5 Nd7 32. Rb7 Nf8 33. c4
Rg1 34. c5 Rh1 35. c6 Rxh2+ 36. Kd3 Rh1 {Normal} 1-0

[Event "Rated Blitz game"]
[Site "?"]
[Date "2021.11.29"]
[Round "?"]
[White "MOON2003"]
[Black "Anecdot"]
[Result "0-1"]
[WhiteElo "2421"]
[BlackElo "2361"]
[PlyCount "30"]
[EventDate "2021.??.??"]
[EventType "blitz"]

1. e4 e5 2. Nf3 d5 3. exd5 e4 4. Qe2 f5 5. d3 Nf6 6. Nc3 Bb4 7. dxe4 fxe4 8.
Bg5 O-O 9. Nd4 c5 10. Ne6 Qa5 11. Bd2 Re8 12. Nxe4 Bxd2+ 13. Nxd2 Nxd5 14. Qh5
Rxe6+ 15. Be2 Nf4 {Time forfeit} 0-1

[Event "Rated Blitz game"]
[Site "?"]
[Date "2021.11.29"]
[Round "?"]
[White "killed_out"]
[Black "Roberto_Baggio1978"]
[Result "1/2-1/2"]
[WhiteElo "2593"]
[BlackElo "2573"]
[PlyCount "128"]
[EventDate "2021.??.??"]
[EventType "blitz"]

1. e4 e5 2. Nf3 d5 3. Nc3 d4 4. Ne2 f6 5. c3 c5 6. Ng3 Be6 7. d3 Nc6 8. Be2 Bd6
9. O-O Nge7 10. Nh4 Qd7 11. Nhf5 Nxf5 12. exf5 Bf7 13. c4 O-O 14. Bf3 Rab8 15.
Be4 Ne7 16. h4 Kh8 17. h5 a6 18. b3 Bc7 19. f4 exf4 20. Bxf4 Nc6 21. h6 gxh6
22. Nh5 Bxh5 23. Qxh5 Bxf4 24. Rxf4 Ne5 25. Qxh6 Qg7 26. Qh3 Qg5 27. Raf1 Rg8
28. Rh4 Rg7 29. Rh5 Qe3+ 30. Qxe3 dxe3 31. Re1 b5 32. Rxe3 bxc4 33. dxc4 Rd8
34. Bd5 a5 35. Rxe5 fxe5 36. f6 Rg3 37. Rxe5 a4 38. f7 Rf8 39. bxa4 Ra3 40. Be6
Rxa4 41. Rg5 Raa8 42. Rg8+ Rxg8 43. fxg8=Q+ Rxg8 44. Bxg8 Kxg8 45. Kf2 Kf7 46.
Kf3 Ke6 47. Kf4 Kd6 48. Kg5 Ke5 49. Kh6 Kd4 50. Kxh7 Kxc4 51. g4 Kb4 52. g5 c4
53. g6 c3 54. g7 c2 55. g8=Q c1=Q 56. Qb8+ Ka4 57. Qa7+ Kb4 58. Qb6+ Ka4 59.
Qb3+ Ka5 60. Kg6 Qc6+ 61. Kf5 Qb5+ 62. Ke4 Qxb3 63. axb3 Kb4 64. Kd5 Kxb3 {
Normal} 1/2-1/2

[Event "Rated Blitz game"]
[Site "?"]
[Date "2021.11.29"]
[Round "?"]
[White "MityshevS"]
[Black "rofaidah"]
[Result "0-1"]
[WhiteElo "2397"]
[BlackElo "2484"]
[PlyCount "112"]
[EventDate "2021.??.??"]
[EventType "blitz"]

1. e4 e5 2. Nf3 d5 3. Nxe5 Qe7 4. d4 f6 5. Nf3 dxe4 6. Nfd2 Nc6 7. Bb5 Bd7 8.
c3 O-O-O 9. O-O f5 10. b3 f4 11. Ba3 Qe6 12. Bxf8 Rxf8 13. Nc4 f3 14. gxf3 exf3
15. Kh1 Qh6 16. Rg1 Bh3 17. Rg3 Bg2+ 18. Kg1 Nf6 19. Bxc6 bxc6 20. Ne3 Ne4 21.
Rg4 Nxf2 22. Kxf2 Qxh2 23. Qg1 Qh6 24. Nd2 Re8 25. Ndc4 Re7 26. Rxg2 fxg2 27.
Qxg2 Rf8+ 28. Ke2 Rf6 29. Rf1 Rg6 30. Qf2 Kb7 31. Kd3 Rge6 32. Qf4 Qg6+ 33. Kd2
Rf6 34. Qh2 Rfe6 35. Rf3 Qb1 36. Na5+ Kb6 37. Nec4+ Ka6 38. Qf2 Qxa2+ 39. Kd3
Qb1+ 40. Qc2 Qh1 41. Qf2 Re1 42. Nxc6 Rd1+ 43. Kc2 Rc1+ 44. Kb2 Rb1+ 45. Ka3
Ra1+ 46. Kb4 Ree1 47. d5 Qg1 48. Qh4 Reb1 49. Na3 Rxa3 50. Kxa3 Ra1+ 51. Kb4
Qb6+ 52. Kc4 Qb5+ 53. Kd4 Rd1+ 54. Ke5 Qxd5+ 55. Kf4 Qxc6 56. Kg4 Qd6 {Time
forfeit} 0-1

[Event "Rated Blitz game"]
[Site "?"]
[Date "2021.11.29"]
[Round "?"]
[White "GloomyHoneyBadger"]
[Black "Annali-annaliew1979"]
[Result "1-0"]
[WhiteElo "2456"]
[BlackElo "2444"]
[PlyCount "53"]
[EventDate "2021.??.??"]
[EventType "blitz"]

1. e4 e5 2. Nf3 d5 3. Nxe5 Qe7 4. d4 f6 5. Nf3 dxe4 6. Nfd2 f5 7. Nb3 Nf6 8.
Bg5 Nc6 9. Nc3 a6 10. Nd5 Qf7 11. Nxf6+ gxf6 12. Be2 h5 13. Bf4 Be6 14. d5 Bxd5
15. Nd4 O-O-O 16. c3 Nxd4 17. cxd4 Bc4 18. O-O Bxe2 19. Qxe2 Rxd4 20. Rac1 Bd6
21. Be3 Rd3 22. Qc2 Rg8 23. g3 f4 24. Bc5 h4 25. Bxd6 Rxd6 26. Qc5 Qe6 27.
Qxc7# {Normal} 1-0